LEADER 01766nam 2200373 450 001 996574867903316 005 20231211115044.0 010 $a1-5044-6456-7 024 7 $a10.1109/IEEESTD.2020.9062658 035 $a(CKB)5280000000208114 035 $a(NjHacI)995280000000208114 035 $a(EXLCZ)995280000000208114 100 $a20231211d2020 uy 0 101 0 $aeng 135 $aur||||||||||| 181 $ctxt$2rdacontent 182 $cc$2rdamedia 183 $acr$2rdacarrier 200 10$a1680.1a-2020 - IEEE Standard for Environmental and Social Responsibility Assessment of Computers and Displays--Amendment 1 $eEditorial and Technical Corrections and Clarifications /$fInstitute of Electrical and Electronics Engineers 210 1$aNew York, New York :$cIEEE,$d2020. 215 $a1 online resource (65 pages) 330 $aIEEE Std 1680.1 was published in March 2018 with a number of editorial and technical errors. This amendment addresses, and is limited to, editorial and technical corrections and clarifications in IEEE Std 1680.1-2018. This amendment does not include deletion of any criteria, addition of any criteria, or any substantive revisions to criteria. 517 $a1680.1a-2020 - IEEE Standard for Environmental and Social Responsibility Assessment of Computers and Displays--Amendment 1 606 $aPocket computers 606 $aMicrocomputers$xStandards 615 0$aPocket computers. 615 0$aMicrocomputers$xStandards. 676 $a004.16 801 0$bNjHacI 801 1$bNjHacl 906 $aDOCUMENT 912 $a996574867903316 996 $a1680.1a-2020 - IEEE Standard for Environmental and Social Responsibility Assessment of Computers and Displays--Amendment 1$93654171 997 $aUNISA LEADER 01149nlm 2200289Ia 450 001 996666872603316 005 20250715083150.0 100 $a19840612d1697---- uy | 101 0 $aeng 102 $aUK 135 $adrcnu 200 1 $a<> sermon preached before the King at Whitehall, on the second of December, 1697$ebeing the day of thanksgiving for the peace$fby Gilbert, Lord Bishop of Sarum 210 1 $aLondon ; Edinburgh$cRe-printed by the heirs and successors of Andrew Anderson$d1697 215 $aTesto elettronico (PDF) (15 p.) 230 $aBase dati testuale 300 $a"Pubblicato per speciale ordine di Sua Maestą." 300 $aImperfette: Pagine macchiate e strappate, con trasparenze e perdita di stampa 300 $aRiproduzione dell'originale presso la Harvard University Library 606 0 $aSermoni$yInghilterra$zSec. 17.$2BNCF 676 $a204.3 700 1$aBURNET,$bGilbert$f1643-1715.$0193326 801 0$aIT$bcba$cREICAT 912 $a996666872603316 959 $aEB 969 $aER 996 $aSermon preached before the King at Whitehall, on the second of December, 1697$94405002 997 $aUNISA